| 000 | 00000nam##2200000za#4500 |
| 001 | 9.639890 |
| 003 | CaOODSP |
| 005 | 20210624222408 |
| 007 | cr ||||||||||| |
| 008 | 150407|2000||||xxc|||||o f|0| 0 fre|d |
| 040 | |aCaOODSP|bfre |
| 043 | |an-cn--- |
| 086 | 1 |aCH44-11/2000F-PDF |
| 110 | 1 |aCanada. |bPatrimoine canadien. |
| 245 | 10|aDu scénario à l'écran : |h[ressource électronique]|bune nouvelle orientation de politique en matière de longs métrages |
| 260 | |aOttawa - Ontario : |bPatrimoine canadien |cc2000. |
| 300 | |a13p. |
| 500 | |aLe n° de catalogue (CH44-11/2000) et l'ISBN (0-662-65221-5) de l'édition imprimée bilingue ont été incorrectement copiés dans l'édition électronique. |
| 590 | |a12-14-Supp|b2012-04-10 |
| 691 | 07|aIndustrie cinématographique|2gcpds |
| 775 | 08|tFrom script to screen : |w(CaOODSP)9.695768 |
| 776 | 0#|tFrom script to screen : |w(CaOODSP)9.662147 |
| 776 | 0#|tDu scénario à l'écran : |w(CaOODSP)9.662148 |
| 856 | 40|ahttp://publications.gc.ca|qPDF|s270 Ko|uhttps://publications.gc.ca/collections/Collection/CH44-11-2000F.pdf |